000 00699nam a2200193Ia 4500
008 090123s9999 xx 000 0 und d
082 _b40554
100 _aगार्डनर अर्ल स्टॅन्ले
245 _aद मास्टर प्लॅन
250 _a1
260 _bसुपर्ण प्रकाशन
_c2006
300 _a188
600 _aगार्डनर अर्ल स्टॅन्ले
630 _aद मास्टर प्लॅन
700 _aहुद्दार मधुकर
700 _aगार्डनर अर्ल स्टॅन्ले
730 _aद मास्टर प्लॅन
942 _cBOOK
999 _c78628
_d78628